<?xml version="1.0" encoding="UTF-8"?><?xml-stylesheet type="text/xsl" href="static/style.xsl"?><OAI-PMH xmlns="http://www.openarchives.org/OAI/2.0/" xmlns:xsi="http://www.w3.org/2001/XMLSchema-instance" xsi:schemaLocation="http://www.openarchives.org/OAI/2.0/ http://www.openarchives.org/OAI/2.0/OAI-PMH.xsd"><responseDate>2026-04-13T01:51:08Z</responseDate><request verb="GetRecord" identifier="oai:www.recercat.cat:2099.1/26271" metadataPrefix="marc">https://recercat.cat/oai/request</request><GetRecord><record><header><identifier>oai:recercat.cat:2099.1/26271</identifier><datestamp>2025-07-17T15:32:23Z</datestamp><setSpec>com_2072_1033</setSpec><setSpec>col_2072_452951</setSpec></header><metadata><record xmlns="http://www.loc.gov/MARC21/slim" xmlns:dcterms="http://purl.org/dc/terms/" xmlns:xsi="http://www.w3.org/2001/XMLSchema-instance" xmlns:doc="http://www.lyncode.com/xoai" xsi:schemaLocation="http://www.loc.gov/MARC21/slim http://www.loc.gov/standards/marcxml/schema/MARC21slim.xsd">
   <leader>00925njm 22002777a 4500</leader>
   <datafield ind2=" " ind1=" " tag="042">
      <subfield code="a">dc</subfield>
   </datafield>
   <datafield ind2=" " ind1=" " tag="720">
      <subfield code="a">Fernández de Andrés, Salvador</subfield>
      <subfield code="e">author</subfield>
   </datafield>
   <datafield ind2=" " ind1=" " tag="260">
      <subfield code="c">2015-05-05</subfield>
   </datafield>
   <datafield ind2=" " ind1=" " tag="520">
      <subfield code="a">L'objectiu principal d'aquest projecte és el de caracteritzar els materials&#xd;
sinteritzats segons el procés productiu de l'empresa Motherson Sintermetal&#xd;
Products. Actualment molts materials estan caracteritzats però aquestes&#xd;
propietats poden variar segons les condicions de fabricació (Premsatge /&#xd;
Sinteritzat / Tractament tèrmic).&#xd;
La realització d'aquest treball té també com a objectiu la caracterització dels&#xd;
diferents materials utilitzats en el sector de la pulvimetalurgia amb la finalitat de&#xd;
poder seleccionar el material més òptim tenint en compte la sol·licitació i els&#xd;
costos.&#xd;
El disseny del encuny, utillatge de màquina, moviments i l'obtenció de les corbes&#xd;
de compressibilitat de les diferents pols a caracteritzar seran la primera part&#xd;
d'aquest projecte.&#xd;
Per poder caracteritzar els materials es realitzaran els assajos a tracció amb la&#xd;
finalitat d'obtenir la corba tensió-deformació per poder calcular les&#xd;
característiques de tracció (resistència a la tracció, el límit elàstic, allargament i&#xd;
mòdul de Young).&#xd;
Determinar també la densitat, la duresa i la microestructura seran altres&#xd;
característiques que s'obtindran amb la utilització dels aparells del laboratori de&#xd;
MSP.</subfield>
   </datafield>
   <datafield tag="653" ind2=" " ind1=" ">
      <subfield code="a">Àrees temàtiques de la UPC::Enginyeria mecànica</subfield>
   </datafield>
   <datafield tag="653" ind2=" " ind1=" ">
      <subfield code="a">Materials</subfield>
   </datafield>
   <datafield ind2="0" ind1="0" tag="245">
      <subfield code="a">Estudio de piezas sinterizadas con diseño CAD y simulación</subfield>
   </datafield>
</record></metadata></record></GetRecord></OAI-PMH>